Tawarikh-I-Kalisiya Ka Mujmal Baiyan (Record no. 1964)

MARC details
000 -LEADER
fixed length control field 00578nam a2200241 a 4500
020 ## - INTERNATIONAL STANDARD BOOK NUMBER
ISBN
082 00 - DEWEY DECIMAL CLASSIFICATION NUMBER
Classification number 270
Author Cutter STE
100 ## - MAIN ENTRY--AUTHOR NAME
Author name Stephen, D J
245 ## - TITLE STATEMENT
Title Tawarikh-I-Kalisiya Ka Mujmal Baiyan
260 ## - PUBLICATION, DISTRIBUTION, ETC. (IMPRINT)
Place of publication Lahore
Name of publisher Spck
Year of publication 1960
300 ## - PHYSICAL DESCRIPTION
Number of Pages 159p
500 ## - GENERAL NOTE
General note includes index and biblioraphy
505 2# - FORMATTED CONTENTS NOTE
Formatted contents note faith and fact books;143
650 ## - SUBJECT ADDED ENTRY--TOPICAL TERM
Topical Term Church-History
942 ## - ADDED ENTRY ELEMENTS (KOHA)
Koha item type Books
700 1# -
-- Stephen, D J
Holdings
Collection code Home library Current library Date acquired Cost, normal purchase price Full call number Accession Number Koha item type
  Henry Martyn Institute Library Henry Martyn Institute Library 07/17/2007 100.00 270 STE 02160 Books
                   Copyright © 2026 | Henry Martyn Institute | Hyderabad | TS-500052 | INDIA | Implemented by hmi.edu.in
Hit-Count:

Powered by Koha